Perú: la división de ARI vista por la izquierda
Zapisane w:
| Format: | Texto |
|---|---|
| Hasła przedmiotowe: | |
| Etykiety: |
Dodaj etykietę
Nie ma etykietki, Dołącz pierwszą etykiete!
|
MARC
| LEADER | 00000 a a2200000 04500 | ||
|---|---|---|---|
| 001 | 17918 | ||
| 003 | |||
| 040 | |||
| 245 | |a Perú: |b la división de ARI vista por la izquierda | ||
| 650 | |a POLITICA | ||
| 650 | |a DEMOCRACIA | ||
| 650 | |a COMUNISTAS | ||
| 650 | |a SOCIALISTAS | ||
| 650 | |a PERU | ||
| 773 | |g volumen 4, número 16; (1980) páginas 187-190 | ||
| 999 | |c 30080 |d 30080 | ||
| 773 | 0 | |0 42391 |9 3816 |a Agencia Latinoamericana de Información, ALAI |d Quito, Ecuador: ALAI |o 04311 |t ALAI: |x 08275564 (Servicio mensual de información y documentación) | |
